Countries of the Middle East and North Africa - Statistics

General Stats
  • This quiz has been taken 72 times
  • The average score is 15 of 22
Answer Stats
Answer % Correct
Egypt
94%
Israel
89%
Iraq
86%
Yemen
86%
Iran
84%
Jordan
84%
Libya
84%
Oman
84%
Saudi Arabia
84%
Syria
80%
Qatar
78%
Kuwait
77%
United Arab Emirates
77%
Turkey
75%
Bahrain
73%
Lebanon
72%
Sudan
67%
Somalia
45%
South Sudan
42%
Djibouti
36%
Eritrea
34%
Turkmenistan
16%
No matching quizzes found
Score Distribution
Percent of People with Each Score
Percentile by Number Answered
Your Score History
You have not taken this quiz